Statistiken für Hannover 96 Spieler Saison 2020/21

Klicken Sie hier um das Quiz zu spielen!

Allgemein

  • Dieses Quiz wurde 80 mal gespielt
  • Das Durchschnittsergebnis liegt bei 10 aus 29

Antwortstatistiken

HinweisAntwort% Korrekt
TWMichael Esser
84%
STURMHendrik Weydandt
65%
STURMLinton Maina
57%
TWMartin Hansen
57%
STURMMarvin Ducksch
57%
ABWEHRMarcel Franke
56%
ABWEHRSei Muroya
54%
ABWEHRNiklas Hult
53%
ABWEHRTimo Hübers
51%
MITTELFELDDominik Kaiser
47%
MITTELFELDGenki Haraguchi
46%
TWMarlon Sündermann
41%
MITTELFELDMike Frantz
41%
MITTELFELDFlorent Muslija
40%
ABWEHRSimon Falette
31%
STURMPhilipp Ochs
28%
ABWEHRJosip Elez
26%
TWMichael Ratajczak
26%
STURMValmir Sulejmani
22%
MITTELFELDJaka Bijol
19%
STURMKingsley Schindler
15%
STURMMick Gudra
15%
STURMPatrick Twumasi
15%
STURMSimon Stehle
15%
MITTELFELDNiklas Tarnat
13%
ABWEHRBaris Basdas
12%
STURMMoussa Doumbouya
12%
STURMFranck Evina
10%
STURMOrrin McKinze Gaines
3%

Verteilung der Resultate

Perzentil nach korrekt beantworteten Fragen

Anzahl Personen mit jedem Resultat

Ihre Resultats-Entwicklung

Sie haben dieses Quiz noch nicht gespielt